000 00843cam a22001931i 4500
005 20251214104203.0
008 250721s2003 ua gr 000 0 ara d
082 1 4 _a216.51
_bخ ا ل
100 1 _aالبغوي، أبو محمد الحسين بن مسعود بن محمد
_eمؤلف.
245 1 0 _aأحكام الزواج و آدابه : من كتاب شرح السنة /
_cللامام المحدث الفقيه الحسين بن مسعود البغوي ؛ تقديم علي عبد العال الطهطاوي.
250 _aالطبعه الاولى.
264 3 1 _aالقاهرة :
_bمكتبة الصفا،
_c2003.
300 _a80 صفحه.
650 1 7 _aالزواج.
650 1 7 _aالأحكام الشرعية.
700 1 _aلطهطاوي، علي عبد العال
_eمقدم
942 _2ddc
_cBK
999 _c91486
_d91486